00487nam a2200193 a 4500001001300000003000900013005001700022008004100039020002300080082001500103100002300118245002700141260003600168300000900204500003500213505001000248650001200258700002300270nice12345678IN_TiNIC20260116014012.0050524s2004 newa grp 000 0 eng  a0141430 c37500a808.3bSHA aShah Nawaz, Mumtaz aHeart Divided, a Novel aNew DelhibPenguin Books c2004 a451p aincludes index and biblioraphy2 aNotes aFiction1 aShah Nawaz, Mumtaz